| 000 | 00955nam a22003258i 4500 | ||
|---|---|---|---|
| 999 |
_c1601 _d1601 |
||
| 001 | 020854428 | ||
| 003 | UkOxU | ||
| 005 | 20230116091851.0 | ||
| 008 | 170109r20172015enka j 000|f|eng|d | ||
| 015 |
_aGBB732716 _2bnb |
||
| 016 | 7 |
_a018247721 _2Uk |
|
| 020 | _a9781407179377 (pbk.) : | ||
| 035 | _a(Uk)018247721 | ||
| 035 | _a(StEdALDL)1/3552690 | ||
| 040 |
_aStDuBDS _beng _erda _cStDuBDS _dKH8 |
||
| 049 | _aCROBAR | ||
| 082 | 0 | 4 |
_a823.92 MCI _223 |
| 100 | 1 |
_aMcIntyre, Sarah, _eauthor, _eartist. |
|
| 245 | 1 | 0 |
_aDinosaur police / _cSarah McIntyre. |
| 263 | _a201705 | ||
| 264 | 1 |
_aLondon : _bScholastic, _c2017. |
|
| 300 |
_a1 volume : _bchiefly illustrations (colour) ; _c28 cm |
||
| 336 |
_atext _2rdacontent |
||
| 336 |
_astill image _2rdacontent |
||
| 337 |
_aunmediated _2rdamedia |
||
| 338 |
_avolume _2rdacarrier |
||
| 500 | _aOriginally published: 2015. | ||
| 655 | 7 |
_aChildren's stories _vPictorial works _2gsafd |
|
| 942 |
_2ddc _cNFIC |
||